| 000 | 01085nam a2200265 i 4500 | ||
|---|---|---|---|
| 001 | 43561 | ||
| 003 | ES-MaACL | ||
| 005 | 20250905131044.0 | ||
| 007 | t| | ||
| 008 | 030318s1901 sp a |||| | spa d | ||
| 080 | _a821.134.2-31"15" | ||
| 100 | 1 |
_aCervantes Saavedra, Miguel de, _d1547-1616 _9226514 |
|
| 240 | 1 | 0 | _aDon Quijote de la Mancha |
| 245 | 1 | 3 |
_aEl ingenioso hidalgo don Quijote de la Mancha / _ccompuesto por Miguel de Cervantes Saavedra. |
| 250 | _aEd. ilustrada con dibujos de M. Ángel, grabados por Carretero y Sampietro, y aumentada con un apéndice crítico biográfico por M. Rodríguez-Navas. | ||
| 260 |
_aMadrid : _bSaturnino Calleja, _c1901. |
||
| 300 |
_aXIX, 796 p. : _bil. ; _c23 cm. |
||
| 490 | 1 |
_aBiblioteca perla ; _v20 |
|
| 700 | 1 |
_aÁngel, Manuel, _d1855-1921 _921708 |
|
| 700 | 1 |
_aRodríguez-Navas, Manuel. _9131977 |
|
| 830 | 0 |
_aBiblioteca perla ; _v20 _9229876 |
|
| 852 |
_aES-MaACL _jB-1673 _z. - Dedicatoria autógrafa del ilustrador Manuel Ángel _z- Enc. cart. con ilustración |
||
| 852 |
_aES-MaACL _jL-31970 |
||
| 999 |
_c43561 _d43561 |
||